[Event "Mechanics' Leighton Allen TNM; G/2"]
[Site "San Francisco"]
[Date "2015.08.10"]
[Round "2.32"]
[White "Frank, Robert H"]
[Black "Casares Jr, Nick"]
[Result "1/2-1/2"]
[WhiteElo "1300"]
[BlackElo "1600"]
[PlyCount "70"]
[EventDate "2015.??.??"]

1. d4 d5 2. Nf3 Bf5 3. e3 Nf6 4. c4 c6 5. Nc3 Nbd7 6. Bd3 Bg4 7. h3 Bh5 8. O-O
e5 9. dxe5 Nxe5 10. Be2 Bxf3 11. Bxf3 Nxc4 12. Qd3 Ne5 13. Qe2 Be7 14. Rd1
Nxf3+ 15. Qxf3 O-O 16. a3 a5 17. e4 Qb6 18. exd5 Rad8 19. dxc6 Rxd1+ 20. Qxd1
Qxc6 21. Be3 Rd8 22. Qe2 Qe6 23. Rd1 Rxd1+ 24. Qxd1 Qc4 25. Qd4 Qc6 26. Qe5 Bd6
27. Qxa5 h6 28. Qb5 Qc7 29. Nd5 Nxd5 30. Qxd5 Qe7 31. Qb3 Qe4 32. Qd1 Qe5 33.
g3 Qe6 34. Kh2 Qf6 35. Qe2 Qe6 1/2-1/2

[Event "Mechanics' Fall TNM; G/2"]
[Site "San Francisco"]
[Date "2015.11.10"]
[Round "4.34"]
[White "Frank, Robert H"]
[Black "Chalissery, Jossy"]
[Result "0-1"]
[WhiteElo "1339"]
[BlackElo "1586"]
[PlyCount "100"]
[EventDate "2015.??.??"]

1. d4 b6 2. e4 Bb7 3. Bd3 e6 4. a3 Nf6 5. Nd2 Nc6 6. Ngf3 Be7 7. O-O d6 8. b4
O-O 9. Bb2 Re8 10. b5 Na5 11. c4 c5 12. Re1 cxd4 13. Nxd4 e5 14. Nf5 Bf8 15.
Nf3 g6 16. Ne3 Nxe4 17. Nd5 Nf6 18. Nxf6+ Qxf6 19. Be4 Bxe4 20. Rxe4 Nb7 21.
Qc2 Nc5 22. Re3 Bh6 23. Re2 Rac8 24. a4 Qd8 25. Bc3 Qc7 26. Bd2 Bxd2 27. Rxd2
Ne6 28. Rc1 Red8 29. Qa2 d5 30. Rdc2 d4 31. Re1 d3 32. Rd2 Qxc4 33. Qxc4 Rxc4
34. Nxe5 Rxa4 35. Rxd3 Rxd3 36. Nxd3 Rd4 37. Ne5 Rd5 38. Nc6 Rxb5 39. Nxa7 Rb2
40. Kf1 Kg7 41. g3 Kf8 42. Rd1 Ra2 43. Nb5 Ke7 44. Rb1 Nc5 45. Nc3 Rc2 46. Nd5+
Ke6 47. Ne3 Ra2 48. Rxb6+ Kd7 49. Rb1 Ne4 50. Nd1 Nd2+ 0-1

[Event "Mechanics' Summer TNM; G/2"]
[Site "San Francisco"]
[Date "2015.06.23"]
[Round "5.28"]
[White "Frank, Robert H"]
[Black "Cohee, James"]
[Result "0-1"]
[WhiteElo "1307"]
[BlackElo "1674"]
[PlyCount "44"]
[EventDate "2015.??.??"]

1. d4 d5 2. Nf3 Nf6 3. e3 e6 4. Bd3 c5 5. c3 Nc6 6. Nbd2 Be7 7. e4 dxe4 8. Bxe4
Nxe4 9. Nxe4 cxd4 10. Nxd4 Nxd4 11. Qxd4 O-O 12. Qxd8 Rxd8 13. O-O b6 14. Be3
Bb7 15. f3 Rd3 16. Bd4 Rd8 17. Rad1 $4 {Diagram #} Rxd1 18. Rxd1 e5 19. Kf2
exd4 20. Rxd4 Rxd4 21. cxd4 f5 22. Nc3 Kf7 0-1

[Event "Mechanics' Leighton Allen TNM; G/2"]
[Site "San Francisco"]
[Date "2015.09.08"]
[Round "6.31"]
[White "Frank, Robert H"]
[Black "Delaney, Will Fred"]
[Result "0-1"]
[WhiteElo "1300"]
[BlackElo "1800"]
[PlyCount "104"]
[EventDate "2015.??.??"]

1. d4 Nf6 2. Nf3 d5 3. e3 c6 4. Bd3 g6 5. Nbd2 Bg7 6. e4 dxe4 7. Nxe4 O-O 8.
Bg5 Nbd7 9. O-O Nxe4 10. Bxe4 Nf6 11. Bd3 Bg4 12. c3 Qd5 13. Be3 Bxf3 14. Qxf3
Qxf3 15. gxf3 Nd5 16. f4 Bh6 17. Rfe1 e6 18. f5 Nxe3 19. fxe3 exf5 20. Kf2 Rfe8
21. Re2 Re7 22. h4 Rae8 23. Rae1 Bg7 24. h5 Bf6 25. Kf3 Bg5 26. hxg6 hxg6 27.
e4 fxe4+ 28. Rxe4 Rxe4 29. Rxe4 Rxe4 30. Kxe4 Kf8 31. c4 Ke7 32. a4 f5+ 33. Kf3
a5 34. b3 b6 35. Bc2 Kd6 36. Bd3 Bf6 37. Ke3 Ke6 38. Bc2 g5 39. Bd3 Be7 40. d5+
cxd5 41. cxd5+ Ke5 42. Bc4 g4 43. Kf2 f4 44. Be2 Bc5+ 45. Kg2 f3+ 46. Bxf3
gxf3+ 47. Kxf3 Kxd5 48. Ke2 Kd4 49. Kd2 Bb4+ 50. Kc2 Ke3 51. Kc1 Kd3 52. Kb2
Bd2 0-1

[Event "Mechanics' Fall TNM; G/2"]
[Site "San Francisco"]
[Date "2015.12.15"]
[Round "9.31"]
[White "Frank, Robert H"]
[Black "Donaldson, Kyle Ga"]
[Result "0-1"]
[WhiteElo "1339"]
[BlackElo "1486"]
[PlyCount "58"]
[EventDate "2015.??.??"]

1. d4 d5 2. Nf3 Nf6 3. e3 e6 4. Bd3 c5 5. c3 Nc6 6. Nbd2 b6 7. e4 Be7 8. e5 Nd7
9. O-O O-O 10. Bb5 Bb7 11. Re1 a6 12. Bxc6 Bxc6 13. Nf1 Qc8 14. Ng3 f6 15. exf6
Nxf6 16. Ne5 Nd7 17. Qg4 Nxe5 18. Rxe5 Rf6 19. Nh5 Rg6 20. Qh3 Bd7 21. f4 Bd8
22. Re2 e5 23. Qe3 cxd4 24. cxd4 exd4 25. Qb3 Qc5 26. Kh1 Bg4 27. Re1 Bxh5 28.
Qh3 Qc2 29. Qxh5 Qxg2# 0-1

[Event "Mechanics' Leighton Allen TNM; G/2"]
[Site "San Francisco"]
[Date "2015.09.29"]
[Round "9.32"]
[White "Frank, Robert H"]
[Black "Rothman, Ivan"]
[Result "1-0"]
[WhiteElo "1300"]
[BlackElo "1513"]
[PlyCount "91"]
[EventDate "2015.??.??"]

1. d4 Nf6 2. Nf3 g6 3. g3 Bg7 4. Bg2 O-O 5. O-O d6 6. Nc3 Nbd7 7. e4 e5 8. dxe5
dxe5 9. Re1 Re8 10. Nd5 c6 11. Nxf6+ Nxf6 12. Qxd8 Rxd8 13. Nxe5 h5 14. h3 Nh7
15. Nd3 g5 16. f4 g4 17. h4 Bd4+ 18. Be3 Bg7 19. e5 Bf5 20. Rad1 Nf8 21. Bf2
Ne6 22. Be4 Bxe4 23. Rxe4 c5 24. Ree1 b6 25. a4 Rd7 26. b3 Rad8 27. Nb2 Rd2 28.
Rxd2 Rxd2 29. Rc1 f5 30. Nc4 Rd5 31. Kf1 Bf8 32. c3 Kf7 33. Ke2 Nc7 34. Rd1
Rxd1 35. Kxd1 Nd5 36. Kc2 Ke6 37. Kd3 Be7 38. Na3 a6 39. Kc4 Bf8 40. Nc2 Be7
41. Ne3 Nxe3+ 42. Bxe3 Bf8 43. b4 cxb4 44. cxb4 a5 45. bxa5 bxa5 46. Bc5 1-0

[Event "Mechanics' Spring TNM; G/2"]
[Site "San Francisco"]
[Date "2015.04.07"]
[Round "4.8"]
[White "Fuentes, Romulo"]
[Black "Hack, Richard"]
[Result "1-0"]
[WhiteElo "2225"]
[BlackElo "1694"]
[PlyCount "49"]
[EventDate "2015.??.??"]

1. e4 e5 2. Nf3 Nc6 3. d4 exd4 4. Bc4 Be7 5. c3 d6 6. Qb3 Na5 7. Bxf7+ Kf8 8.
Qa4 Kxf7 9. Qxa5 dxc3 10. Nxc3 Be6 11. Nd4 c6 12. Qh5+ g6 13. Nxe6 Kxe6 14.
Qh3+ Kf7 15. O-O Nf6 16. Bf4 Qb6 17. e5 dxe5 18. Bxe5 Rae8 19. Rad1 Qa5 20.
Rfe1 Qb4 21. Bxf6 Bxf6 22. Rd7+ Be7 23. Qe6+ Kf8 24. a3 Qh4 25. Ne4 1-0

[Event "Mechanics' Spring TNM; G/2"]
[Site "San Francisco"]
[Date "2015.03.24"]
[Round "2.3"]
[White "Fuentes, Romulo"]
[Black "Sarafian, Greg"]
[Result "0-1"]
[WhiteElo "2225"]
[BlackElo "1943"]
[PlyCount "98"]
[EventDate "2015.??.??"]

1. e4 e5 2. Nf3 Nc6 3. d4 exd4 4. Bc4 Nf6 5. e5 d5 6. Bb5 Nd7 7. Bxc6 bxc6 8.
Qxd4 Nc5 9. O-O Be7 10. b4 Ne6 11. Qc3 Qd7 12. Be3 a5 13. bxa5 c5 14. Rd1 O-O
15. a4 c6 16. Qe1 f6 17. Na3 Qc7 18. Bd2 fxe5 19. Qxe5 Bd6 20. Qh5 Nf4 21. Bxf4
Bxf4 22. Re1 Bf5 23. a6 Be4 24. Qh3 Qf7 25. c4 g5 26. cxd5 cxd5 27. Nb5 Rxa6
28. Nc3 Bf5 29. g4 Bd3 30. Qg2 d4 31. Ne4 Bxe4 32. Rxe4 Qd5 33. Rae1 d3 34. Re8
d2 35. Rxf8+ Kxf8 36. Rd1 Rxa4 37. Qh3 Ra3 38. Qh6+ Kg8 39. Nxd2 Bxd2 40. h4
Rh3 41. Qxg5+ Qxg5 42. hxg5 Bxg5 43. Rd5 Be7 44. Kf1 c4 45. Ke2 c3 46. Kd1 Rf3
47. Kc2 Bf6 48. Rf5 Rxf5 49. gxf5 h5 0-1

[Event "Mechanics' Spring TNM; G/2"]
[Site "San Francisco"]
[Date "2015.04.21"]
[Round "6.3"]
[White "Fuentes, Romulo"]
[Black "Walder, Michael"]
[Result "1-0"]
[WhiteElo "2225"]
[BlackElo "2143"]
[PlyCount "76"]
[EventDate "2015.??.??"]

1. d4 Nf6 2. Nf3 e6 3. Nc3 d5 4. Bg5 Bb4 5. e3 h6 6. Bxf6 Qxf6 7. Be2 c5 8. O-O
Nc6 9. Nb5 O-O 10. c3 Ba5 11. dxc5 a6 12. Nd6 Bc7 13. Nxc8 Rfxc8 14. Nd4 Ne7
15. Qd2 e5 16. Nc2 Rd8 17. Rfd1 Rd7 18. Bg4 Rdd8 19. g3 Qg6 20. Qe2 f5 21. Bf3
Qf6 22. c4 e4 23. Bg2 Be5 24. Nd4 Nc6 25. Nxc6 Qxc6 26. cxd5 Qxc5 27. Qh5 Rf8
28. Bh3 Rf6 29. Rd2 Raf8 30. Qd1 g5 31. Rc1 Qd6 32. Qe1 h5 33. Bg2 h4 34. Rdc2
R8f7 35. Rc8+ Kg7 36. Qe2 hxg3 37. hxg3 Rh6 38. R8c2 Qxd5 {and lost on time}
1-0

[Event "Mechanics' Summer TNM; G/2"]
[Site "San Francisco"]
[Date "2015.06.02"]
[Round "2.19"]
[White "Furukawa, Jon"]
[Black "Askin, David"]
[Result "0-1"]
[WhiteElo "1603"]
[BlackElo "1959"]
[PlyCount "112"]
[EventDate "2015.??.??"]

1. e4 c6 2. d4 d5 3. exd5 cxd5 4. c4 Nf6 5. Nc3 e6 6. Nf3 Bb4 7. Bg5 Qa5 8. Bd2
O-O 9. Be2 Nc6 10. a3 Bxc3 11. Bxc3 Qd8 12. O-O Ne4 13. Bd3 Nxc3 14. bxc3 b6
15. Re1 dxc4 16. Be4 Bb7 17. Qa4 Na5 18. Bxb7 Nxb7 19. Qxc4 Nd6 20. Qd3 Rc8 21.
Rac1 Nc4 22. Ne5 Qc7 23. Nxc4 Qxc4 24. Qxc4 Rxc4 25. Re3 Rfc8 26. Kf1 Rxd4 27.
cxd4 Rxc1+ 28. Ke2 g6 29. Kd2 Rc6 30. Rc3 Rd6 31. Ke3 Rd5 32. Ke4 Kg7 33. h4
Kf6 34. g4 h6 35. f4 h5 36. g5+ Kg7 37. Rc7 Ra5 38. Rc3 Rb5 39. Rc7 a5 40. Rc4
Rb3 41. Rc6 a4 42. d5 exd5+ 43. Kxd5 Rxa3 44. Rxb6 Ra1 45. Ra6 a3 46. Kc4 Rf1
47. Rxa3 Rxf4+ 48. Kd5 Rxh4 49. Rg3 Rg4 50. Rxg4 hxg4 51. Ke4 Kf8 52. Kf4 Ke7
53. Kxg4 Ke6 54. Kf4 Kd5 55. Kg3 Ke5 56. Kg4 Ke4 0-1

[Event "Mechanics' Leighton Allen TNM; G/2"]
[Site "San Francisco"]
[Date "2015.08.10"]
[Round "2.31"]
[White "Furukawa, Jon"]
[Black "Ayinala, Shree"]
[Result "1/2-1/2"]
[WhiteElo "1603"]
[BlackElo "1322"]
[Annotator "Donaldson"]
[PlyCount "50"]
[EventDate "2015.??.??"]

1. e4 c5 2. c3 Nf6 3. e5 Nd5 4. d4 cxd4 5. cxd4 Nc6 6. Nf3 g6 7. Bc4 Nb6 8. Bb3
Bg7 9. O-O O-O 10. Nc3 e6 11. Ne4 Ne7 12. Bg5 h6 13. Bf6 Bxf6 14. Nxf6+ Kg7 15.
Rc1 Nf5 16. Ne4 d6 17. exd6 Nxd6 18. Qd3 Nf5 19. Rfd1 Bd7 20. Nc5 Bc6 {
Diagram #} (20... Rc8) 21. Ne5 $2 (21. Bxe6 $1 {wins an important pawn.}) 21...
Bd5 22. Nc4 Qg5 23. Ne4 Qg4 24. Ng3 Nh4 25. Ne5 Qg5 1/2-1/2

[Event "Mechanics' Winter TNM; 30/90, SD/30"]
[Site "San Francisco"]
[Date "2015.01.13"]
[Round "2.38"]
[White "Furukawa, Jon"]
[Black "Campers, Willie"]
[Result "0-1"]
[WhiteElo "1627"]
[BlackElo "1742"]
[PlyCount "118"]
[EventDate "2015.??.??"]

1. e4 e6 2. d4 d5 3. exd5 exd5 4. Nf3 Nf6 5. Nc3 c6 6. Bd3 Be7 7. O-O O-O 8. h3
Re8 9. Ne2 Nbd7 10. Ng3 Nf8 11. Re1 Bb4 12. c3 Ba5 13. Bg5 Rxe1+ 14. Qxe1 Ne6
15. Be3 Bc7 16. Nf5 Ne4 17. Bxe4 dxe4 18. Nd2 Nf4 19. Bxf4 Bxf4 20. Ne3 f5 21.
Ndc4 Be6 22. Rd1 b5 23. Ne5 Bxe5 24. dxe5 Qe8 25. Rd6 Bxa2 26. Qd2 g6 27. Qd4
a5 28. g3 a4 29. Qc5 Rc8 30. Kg2 Be6 31. h4 Kg7 32. Kg1 h5 33. c4 Kg8 34. Rd4
Kg7 35. Kg2 Qf7 36. Qb6 f4 37. Rxe4 fxe3 38. Rf4 Qd7 39. Qxe3 Bxc4 40. Qc3 Qd5+
41. Kh2 Kh7 42. Qe3 Rc7 43. Rd4 Qe6 44. Rd6 Qf5 45. Rf6 Qd3 46. Qg5 Bd5 47. e6
Qe4 48. f3 Qe2+ 49. Kg1 Rg7 50. Rf8 Bxf3 51. Rxf3 Qxf3 52. Qe5 Qd5 53. Qf6 Qe4
54. Kh2 c5 55. Qg5 Qxe6 56. Qxc5 Qb3 57. Qe5 b4 58. Qd4 a3 59. bxa3 bxa3 0-1

[Event "Mechanics' Summer TNM; G/2"]
[Site "San Francisco"]
[Date "2015.06.30"]
[Round "6.35"]
[White "Furukawa, Jon"]
[Black "Casares, Nick"]
[Result "1-0"]
[WhiteElo "1603"]
[BlackElo "1600"]
[PlyCount "87"]
[EventDate "2015.??.??"]

1. e4 e5 2. Nf3 Nc6 3. Bc4 Nf6 4. d3 Be7 5. O-O O-O 6. Re1 d6 7. h3 Na5 8. Nbd2
c6 9. a3 b5 10. Ba2 h6 11. b4 Nb7 12. Nf1 d5 13. Nxe5 Qc7 14. exd5 cxd5 15. Ng3
Bd6 16. d4 Be6 17. Bb3 a5 18. Qf3 Kh7 19. c3 Ng8 20. Bxd5 Bxd5 21. Qxd5 Rad8
22. Qe4+ Kh8 23. Bd2 Rfe8 24. Qc2 Bxe5 25. Rxe5 Rxe5 26. dxe5 Qxe5 27. Re1 Qd5
28. Be3 Re8 29. Qf5 Re5 30. Qg4 Nd6 31. Rd1 Qc6 32. Bf4 Re6 33. Rxd6 Rxd6 34.
Bxd6 Qxd6 35. Qd4 Qe6 36. bxa5 Qe1+ 37. Kh2 Nf6 38. a6 Qe6 39. a7 Qc8 40. a4
bxa4 41. Qxa4 Qa8 42. Qd4 Kg8 43. Qc5 Nd5 44. Qd6 1-0

[Event "Mechanics' Winter TNM; 30/90, SD/30"]
[Site "San Francisco"]
[Date "2015.02.10"]
[Round "6.34"]
[White "Furukawa, Jon"]
[Black "Chan, John"]
[Result "1/2-1/2"]
[WhiteElo "1627"]
[BlackElo "1514"]
[PlyCount "120"]
[EventDate "2015.??.??"]

1. e4 e6 2. d4 d5 3. exd5 exd5 4. Nf3 h6 5. Bd3 Be6 6. O-O Bd6 7. Re1 Nf6 8. c4
c6 9. Bf5 O-O 10. Bxe6 fxe6 11. c5 Bc7 12. Nc3 b5 13. Qd3 Qe8 14. a3 Qf7 15.
Be3 Nbd7 16. Qd2 Ng4 17. h3 Nxe3 18. Rxe3 Bf4 19. Rae1 Bxe3 20. Rxe3 Rae8 21.
b4 Qf4 22. Ne2 Qc7 23. Ng3 Nf6 24. Ne5 a6 25. Qe2 Nd7 26. Qg4 Nxe5 27. Rxe5 Qf7
28. Qe2 Qg6 29. Qe3 Rf6 30. Nh5 Rf5 31. Nf4 Rxe5 32. Qxe5 Qf5 33. Qd6 Rf8 34.
Nxe6 Qxf2+ 35. Kh2 Rf6 36. Qe5 Qf5 37. Qxf5 Rxf5 38. Kg3 Kf7 39. Nd8+ Ke8 40.
Nxc6 Rf1 41. Nb8 Ra1 42. Kf4 Rxa3 43. Ke5 a5 44. bxa5 Rxa5 45. Nc6 Ra4 46. Kxd5
Kd7 47. Ne5+ Kc7 48. c6 b4 49. Kc4 b3+ 50. Kxb3 Rxd4 51. Kc3 Ra4 52. Kd3 Ra2
53. g4 Ra3+ 54. Ke4 Rxh3 55. Kf5 Re3 56. Kf4 Re1 57. Kf5 Re2 58. Nf7 Kxc6 59.
Kg6 Kd7 60. Kxg7 Re7 1/2-1/2

[Event "Mechanics' Winter TNM; 30/90, SD/30"]
[Site "San Francisco"]
[Date "2015.02.24"]
[Round "8.24"]
[White "Furukawa, Jon"]
[Black "Clemens, Kristian"]
[Result "1/2-1/2"]
[WhiteElo "1627"]
[BlackElo "1826"]
[PlyCount "85"]
[EventDate "2015.??.??"]

1. e4 e5 2. Nf3 Nc6 3. Bc4 Bc5 4. O-O Nf6 5. d3 d5 6. exd5 Nxd5 7. Bxd5 Qxd5 8.
Nc3 Qd8 9. h3 O-O 10. Be3 Bb6 11. Re1 Re8 12. Bxb6 axb6 13. d4 Nxd4 14. Nxd4
exd4 15. Rxe8+ Qxe8 16. Qxd4 Bf5 17. Qf4 Bxc2 18. Qxc7 Qc6 19. Qf4 h6 20. Rc1
Bg6 21. Rd1 Re8 22. Rd6 Qc7 23. Qd2 Re1+ 24. Qxe1 Qxd6 25. Qd1 Qc6 26. Qd5 Kh7
27. Qxc6 bxc6 28. g3 Bd3 29. Kg2 g5 30. Kf3 Kg6 31. Ke3 Bc4 32. g4 Be6 33. f4
f5 34. Kf3 h5 35. gxh5+ Kxh5 36. fxg5 Kxg5 37. a3 f4 38. Ne2 Bd5+ 39. Kf2 Kf5
40. h4 c5 41. h5 Kg5 42. h6 Bg8 43. Kf3 1/2-1/2

[Event "Mechanics' Leighton Allen TNM; G/2"]
[Site "San Francisco"]
[Date "2015.09.22"]
[Round "8.28"]
[White "Furukawa, Jon"]
[Black "James, Charles"]
[Result "1-0"]
[WhiteElo "1603"]
[BlackElo "1464"]
[Annotator "Donaldson"]
[PlyCount "35"]
[EventDate "2015.??.??"]

1. d4 d5 2. c4 c6 3. Nf3 Nf6 4. Nc3 dxc4 5. a4 a6 $2 (5... Bf5) 6. e3 Bf5 7.
Bxc4 e6 8. O-O Nbd7 9. h3 $6 (9. Qe2 {intending e4}) 9... h6 $6 (9... Bb4) 10.
Re1 (10. Qe2) 10... Bb4 11. Bd2 b5 12. axb5 cxb5 13. Bf1 O-O 14. Qb3 Qe7 15. e4
$1 Bh7 $2 (15... Bxc3 16. Bxc3 Bxe4 17. Bb4 $14) 16. e5 Ne4 (16... Nh5 17. g4)
17. Nxe4 Bxe4 18. Bxb4 1-0

[Event "Mechanics' Summer TNM; G/2"]
[Site "San Francisco"]
[Date "2015.07.14"]
[Round "8.19"]
[White "Furukawa, Jon"]
[Black "Royzen, Igor"]
[Result "1/2-1/2"]
[WhiteElo "1603"]
[BlackElo "1878"]
[PlyCount "108"]
[EventDate "2015.??.??"]

1. e4 Nf6 2. Nc3 c5 3. Nf3 Nc6 4. Be2 g6 5. d4 cxd4 6. Nxd4 Bg7 7. Be3 O-O 8.
O-O d5 9. exd5 Nxd5 10. Nxd5 Qxd5 11. Nxc6 Qxc6 12. Bf3 Qc4 13. c3 Be6 14. Re1
Rad8 15. Qe2 Qxe2 16. Bxe2 b6 17. Red1 Bf5 18. Rac1 h6 19. Rxd8 Rxd8 20. Rd1
Rxd1+ 21. Bxd1 Be6 22. a4 Bd7 23. a5 bxa5 24. Bxa7 Kf8 25. Kf1 Ke8 26. Ke2 Bb5+
27. Ke3 Kd7 28. Bf3 Bc6 29. Kd3 Bxf3 30. gxf3 Kc6 31. Kc4 Be5 32. h3 Bd6 33.
Be3 h5 34. b4 axb4 35. cxb4 e6 36. b5+ Kb7 37. Bc5 Be5 38. Bd4 Bd6 39. Kd3 Bc7
40. Kc4 Bd6 41. Kd3 Bc7 42. Ke4 Bd6 43. Be5 Bc5 44. Kf4 Kb6 45. Kg5 Kxb5 46.
Kf6 Bxf2 47. Kxf7 g5 48. Kxe6 Be3 49. Kf5 Kc4 50. Bf6 g4 51. fxg4 hxg4 52. Kxg4
Kd5 53. Kf5 Bf2 54. Kg4 Ke6 1/2-1/2

[Event "Mechanics' Leighton Allen TNM; G/2"]
[Site "San Francisco"]
[Date "2015.09.08"]
[Round "6.16"]
[White "Furukawa, Jon"]
[Black "Sarafian, Greg M"]
[Result "0-1"]
[WhiteElo "1603"]
[BlackElo "1913"]
[Annotator "Donaldson"]
[PlyCount "76"]
[EventDate "2015.??.??"]

1. d4 Nf6 2. c4 e6 3. Nc3 d5 4. cxd5 exd5 5. Bg5 c6 6. Qc2 (6. e3 Bf5 7. Qf3 (
7. Bd3 Bxd3 8. Qxd3) 7... Bg6 8. Bxf6 Qxf6 9. Qxf6 gxf6) 6... g6 7. e3 (7. Bxf6
Qxf6 8. Nxd5 Qxd4 9. Nc7+ (9. Rd1 Bb4+) 9... Kd8 10. Nxa8 Bb4+) (7. Nxd5 Qxd5
8. Bxf6 Bb4+ 9. Kd1 O-O) 7... Bf5 8. Bd3 Bxd3 9. Qxd3 Bg7 (9... Be7) 10. Nf3
Nbd7 11. O-O O-O 12. b4 h6 13. Bh4 g5 14. Bg3 Qe7 15. b5 Ne4 16. bxc6 bxc6 17.
Rab1 (17. Rac1) 17... Nxg3 18. hxg3 Nb6 19. Qf5 $2 (19. Nd2) 19... Nc4 20. Rfe1
Rab8 21. Qd3 Qa3 22. Qc2 Qa5 23. Rb3 Rb6 24. Rxb6 axb6 25. Rc1 b5 26. Nd2 Re8 (
26... Ra8) 27. Nxc4 bxc4 28. Qa4 (28. Rb1 Bf8) 28... Qxa4 29. Nxa4 Ra8 30. Nc3
Ra3 (30... Bf8 31. Rc2 Bb4 32. Ne2) 31. Rc2 Kf8 32. g4 Ke7 33. Ne2 Kf6 34. Kf1
Kg6 35. Ng3 Bf8 36. e4 Rd3 37. exd5 cxd5 38. Ne2 Rd1# 0-1

[Event "Mechanics' Fall TNM; G/2"]
[Site "San Francisco"]
[Date "2015.12.01"]
[Round "7.14"]
[White "Gaffagan, Steven"]
[Black "Andries, Craig"]
[Result "1-0"]
[WhiteElo "2066"]
[BlackElo "1863"]
[PlyCount "75"]
[EventDate "2015.??.??"]

1. e4 g6 2. f4 Bg7 3. Nf3 d5 4. e5 c6 5. d4 Bg4 6. c3 e6 7. Nbd2 h5 8. h3 Bxf3
9. Nxf3 Nh6 10. g3 Nd7 11. Be3 Qc7 12. Qd2 a6 13. Bd3 Nf8 14. O-O-O b5 15. Kb1
O-O-O 16. Rhg1 Nd7 17. g4 hxg4 18. hxg4 Rdg8 19. Rg2 a5 20. Rdg1 a4 21. f5 Nb6
22. f6 Bf8 23. Rh2 Nxg4 24. Rxg4 Nc4 25. Bxc4 bxc4 26. Rgh4 Rxh4 27. Rxh4 a3
28. Qh2 Qb7 29. Bc1 axb2 30. Bxb2 Ba3 31. Rh8 Rxh8 32. Qxh8+ Kd7 33. Qh2 c5 34.
Qc2 cxd4 35. Qa4+ Kc7 36. Qxa3 Kb8 37. Qf8+ Ka7 38. Nxd4 1-0

[Event "Mechanics' Fall TNM; G/2"]
[Site "San Francisco"]
[Date "2015.11.17"]
[Round "5.10"]
[White "Gaffagan, Steven"]
[Black "Campers Jr, Willie"]
[Result "1-0"]
[WhiteElo "2066"]
[BlackElo "1760"]
[PlyCount "83"]
[EventDate "2015.??.??"]

1. e4 e6 2. d4 d5 3. Nc3 Nf6 4. e5 Nfd7 5. f4 c5 6. Nf3 Nc6 7. Be3 Qb6 8. Na4
Qa5+ 9. c3 cxd4 10. b4 Qc7 11. Bxd4 Be7 12. Bd3 b6 13. O-O O-O 14. Qe2 f5 15.
exf6 Nxf6 16. Be5 Nxe5 17. Nxe5 Nd7 18. Qh5 Nf6 19. Qh3 Bd6 20. Rae1 a5 21. b5
Rb8 22. Kh1 g6 23. Nc6 Rb7 24. Qh4 Nh5 25. g3 Ng7 26. c4 Nf5 27. Qg5 d4 28.
Bxf5 Rxf5 29. Qd8+ Rf8 30. Qxc7 Rxc7 31. Nxb6 Bb7 32. Rxe6 Bxc6+ 33. bxc6 Rxc6
34. c5 Rd8 35. Nc4 Rxc5 36. Rxd6 Rxd6 37. Nxd6 Rd5 38. Ne4 Kf7 39. Kg2 h6 40.
Rb1 Ke6 41. Rb6+ Kf5 42. Kf3 1-0

[Event "Mechanics' Leighton Allen TNM; G/2"]
[Site "San Francisco"]
[Date "2015.09.15"]
[Round "7.11"]
[White "Gaffagan, Steven"]
[Black "Chen, Mingson"]
[Result "1/2-1/2"]
[WhiteElo "2113"]
[BlackElo "1900"]
[PlyCount "76"]
[EventDate "2015.??.??"]

1. d4 e6 2. e4 d5 3. Nd2 c5 4. Ngf3 Nc6 5. dxc5 Bxc5 6. Nb3 Bb6 7. exd5 exd5 8.
Be2 Nf6 9. O-O Ne4 10. Nbd4 O-O 11. Be3 Bg4 12. c3 Qf6 13. Qd3 Rad8 14. Nxc6
bxc6 15. Bxb6 axb6 16. Nd4 Bxe2 17. Nxe2 Rfe8 18. Ng3 Qf4 19. Rad1 Nxg3 20.
fxg3 Qe4 21. Rf3 Qxd3 22. Rfxd3 Re4 23. Kf2 Rde8 24. R1d2 R8e6 25. h3 Rf6+ 26.
Rf3 Rfe6 27. a3 Kf8 28. g4 Ke7 29. Rf5 Rf6 30. Rxf6 Kxf6 31. Kf3 Ke5 32. g3 Kd6
33. g5 Kc5 34. h4 Kd6 35. Rd1 Ke5 36. Rd2 Kd6 37. Rd1 Ke5 38. Rd2 Kd6 1/2-1/2

[Event "Mechanics' Fall TNM; G/2"]
[Site "San Francisco"]
[Date "2015.11.03"]
[Round "3.1"]
[White "Gaffagan, Steven"]
[Black "Critelli, James Ma"]
[Result "0-1"]
[WhiteElo "2066"]
[BlackElo "2376"]
[PlyCount "74"]
[EventDate "2015.??.??"]

1. d4 Nf6 2. c4 e6 3. g3 Bb4+ 4. Bd2 a5 5. Bg2 O-O 6. Nf3 Ne4 7. O-O f5 8. a3
Be7 9. Nc3 b6 10. Qc2 d5 11. cxd5 exd5 12. Rac1 c5 13. dxc5 bxc5 14. Bf4 Be6
15. Nb5 Na6 16. h4 Qb6 17. Nc3 Rfd8 18. Ng5 Nxg5 19. hxg5 Ra7 20. a4 Nc7 21.
Bxc7 Rxc7 22. Nb5 Rcd7 23. Qd2 Rb8 24. Qf4 g6 25. Qe5 Bf8 26. Qf4 d4 27. Bf3
Re8 28. Kg2 Bb3 29. Na3 Bxa4 30. Nc4 Qa6 31. Qd2 Bb5 32. b3 a4 33. Ra1 Bc6 34.
Rfd1 Qb5 35. Rxa4 d3 36. Qa5 dxe2 37. Re1 Bxf3+ 0-1

[Event "Mechanics' Leighton Allen TNM; G/2"]
[Site "San Francisco"]
[Date "2015.09.29"]
[Round "9.11"]
[White "Gaffagan, Steven"]
[Black "Ebert, John C"]
[Result "1-0"]
[WhiteElo "2113"]
[BlackElo "1756"]
[Annotator "Donaldson"]
[PlyCount "59"]
[EventDate "2015.??.??"]

1. d4 e6 2. e4 d5 3. Nd2 Nf6 4. e5 Nfd7 5. c3 c5 6. Bd3 Nc6 7. Ngf3 Qb6 8. O-O
cxd4 9. cxd4 Nxd4 10. Nxd4 Qxd4 11. Nf3 Qb6 12. Qa4 Qb4 13. Qc2 h6 (13... Qc5
14. Qe2 Be7 {and}) (13... Nc5 14. Bd2 Qa4 15. b3 Qd7 16. Nd4 {
are two popular alternatives}) 14. a3 Qc5 $6 (14... Qb6) 15. Qa4 a6 $6 (15...
Qb6 16. Be3 Bc5) 16. Be3 Qc7 17. Rac1 {
White is generating tremendous piece activity for the sacrificed pawn.} Qb8 18.
Rfe1 Be7 19. Bb1 Kf8 (19... O-O 20. Qc2) 20. h4 Nxe5 $2 {Diagram [#]} (20... g6
{intending ...Kg7 was relatively better.}) 21. Rxc8+ $1 Qxc8 22. Nxe5 b5 23.
Qf4 Bf6 24. Bd4 Ke7 25. Rc1 Qb7 26. Ng6+ (26. Rc7+ $4 Qxc7 27. Ng6+ Kd7 {
is not the same thing!}) 26... Kd7 (26... fxg6 27. Rc7+) 27. Nxh8 Rxh8 28. Bxf6
gxf6 29. Qxf6 Rf8 30. Qxh6 1-0

[Event "Mechanics' Winter TNM; 30/90, SD/30"]
[Site "San Francisco"]
[Date "2015.02.03"]
[Round "5.6"]
[White "Gaffagan, Steven"]
[Black "Hakobyan, Sos"]
[Result "1-0"]
[WhiteElo "2150"]
[BlackElo "1889"]
[PlyCount "111"]
[EventDate "2015.??.??"]

1. d4 Nf6 2. c4 e6 3. Nc3 g6 4. e4 c5 5. Nf3 cxd4 6. Nxd4 d6 7. Be2 Bg7 8. Ndb5
Ke7 9. Bg5 a6 10. Nd4 Qa5 11. Qd2 Qb6 12. O-O-O h6 13. Be3 Qc7 14. Kb1 Bd7 15.
f4 Nc6 16. e5 Ne8 17. exd6+ Nxd6 18. Ndb5 axb5 19. Nxb5 Nxb5 20. Bc5+ Ke8 21.
cxb5 Nb8 22. Bd6 Qa5 23. b4 Qd8 24. g4 Bf8 25. Be5 Rh7 26. f5 gxf5 27. gxf5
exf5 28. Rhe1 Be7 29. Bd6 Be6 30. Bh5 Qxd6 31. Qxd6 Bxd6 32. Rxe6+ Kf8 33.
Rexd6 Ke7 34. Kb2 Rg7 35. Bf3 Rg6 36. Rd8 Rb6 37. R1d5 Kf6 38. Kb3 Re6 39. Rd3
f4 40. Bxb7 Ra7 41. Bf3 Rd7 42. R8xd7 Nxd7 43. Rxd7 Re3+ 44. Kc4 Rxf3 45. b6
Re3 46. Rd8 Re7 47. a4 f3 48. Rd3 Re4+ 49. Kc3 Rf4 50. Rd1 f2 51. b7 Rf3+ 52.
Kc4 Rf4+ 53. Kb5 Rd4 54. Rf1 Rd8 55. a5 Kg5 56. a6 1-0

[Event "Mechanics' Leighton Allen TNM; G/2"]
[Site "San Francisco"]
[Date "2015.08.10"]
[Round "2.10"]
[White "Gaffagan, Steven"]
[Black "Hakobyan, Sos"]
[Result "1-0"]
[WhiteElo "2113"]
[BlackElo "1848"]
[PlyCount "95"]
[EventDate "2015.??.??"]

1. e4 e6 2. d4 d5 3. Nd2 Nf6 4. e5 Nfd7 5. Bd3 c5 6. c3 Nc6 7. Ngf3 cxd4 8.
cxd4 f6 9. exf6 Nxf6 10. O-O Bd6 11. Nb3 O-O 12. Bg5 Qc7 13. Rc1 Ng4 14. h3 Nh2
15. Nxh2 Bxh2+ 16. Kh1 Bf4 17. Bxf4 Qxf4 18. Rc3 Rf6 19. Be2 Qd6 20. Bf3 Bd7
21. Nc5 b6 22. Nxd7 Qxd7 23. Qa4 Ne5 24. Qxd7 Nxd7 25. Rc7 Nf8 26. Kg1 Rf7 27.
Rfc1 Rd8 28. Bg4 g6 29. Rc8 Rxc8 30. Rxc8 Kg7 31. g3 h5 32. Be2 Kf6 33. h4 e5
34. dxe5+ Kxe5 35. Kf1 Rf6 36. Rc7 a5 37. Bd3 Kd4 38. Bc2 Ke5 39. Ba4 Ne6 40.
Re7 Kd6 41. Rd7+ Kc5 42. Bb3 d4 43. Rd5+ Kc6 44. Re5 Nc5 45. Bc2 Kd6 46. f4 Re6
$4 47. Rxe6+ Kxe6 48. Bxg6 {and White went on to win.} 1-0